[Event "Sebes Romanian Rapid op"]
[Site "Sebes"]
[Date "2022.12.02"]
[Round "4"]
[White "Cordea, David"]
[Black "Stan, Luciana Gabriela"]
[Result "0-1"]
[WhiteElo "2049"]
[BlackElo "1823"]
[PlyCount "71"]
[EventDate "2022.12.02"]
[EventType "swiss (rapid)"]
[EventRounds "8"]
[EventCountry "ROU"]
[SourceTitle "CBM 211 Extra"]
[Source "ChessBase"]
[SourceDate "2023.01.31"]
[SourceVersion "1"]
[SourceVersionDate "2023.01.31"]
[SourceQuality "1"]

1. d4 d5 2. Nf3 Nf6 3. g3 g6 4. Bg2 Bg7 5. 0-0 0-0 6. c3 c5 7. Nbd2 Nc6 8. b3 a5 9. a4 cxd4 10. cxd4 Bf5 11. Bb2 Nb4 12. Rc1 Rc8 13. Rc3 Qb6 14. Ne5 Rxc3 15. Bxc3 Rc8 16. Qa1 Nc2 17. Qb2 Qc7 18. Nb1 Ne4 19. Qxc2 Nxc3 20. Qxc3 Qxc3 21. Nxc3 Rxc3 22. Bxd5 b6 23. Bxf7+ Kf8 24. Bc4 Bh6 25. g4 Bc8 26. e3 Bg7 27. h3 Bf6 28. Kg2 Kg7 29. Kf3 Bb7+ 30. Ke2 Bg2 31. Rd1 Rc2+ 32. Rd2 Rc1 33. Rd1 Rc2+ 34. Rd2 Rc1 35. Nd7 Bxh3 36. Nxb6 0-1

[Event "Sebes Romanian Rapid op"]
[Site "Sebes"]
[Date "2022.12.02"]
[Round "8"]
[White "Sulita, Vlad Petre"]
[Black "Stan, Luciana Gabriela"]
[Result "0-1"]
[WhiteElo "1632"]
[BlackElo "1823"]
[PlyCount "68"]
[EventDate "2022.12.02"]
[EventType "swiss (rapid)"]
[EventRounds "8"]
[EventCountry "ROU"]
[SourceTitle "CBM 211 Extra"]
[Source "ChessBase"]
[SourceDate "2023.01.31"]
[SourceVersion "1"]
[SourceVersionDate "2023.01.31"]
[SourceQuality "1"]

1. e4 c5 2. Nf3 e6 3. d4 cxd4 4. Nxd4 a6 5. Nc3 Qc7 6. a3 Nf6 7. Bd3 d6 8. Be3 Nbd7 9. Qd2 Be7 10. f3 b5 11. g4 Ne5 12. Be2 Nfd7 13. h4 Nb6 14. Rb1 Nbc4 15. Qc1 Nxe3 16. Qxe3 Bb7 17. f4 Nd7 18. g5 Qc5 19. Qd2 Nb6 20. Bf3 Nc4 21. Qf2 Nxa3 22. Rc1 Nc4 23. Nd1 Rc8 24. c3 e5 25. fxe5 Nxe5 26. Qe3 g6 27. b4 Qc4 28. Be2 Qc7 29. Rf1 0-0 30. h5 d5 31. exd5 Bxd5 32. Ra1 Nc4 33. Qf2 Bxg5 34. Rxa6 Bd2# 0-1

[Event "ROM-ch U18 Girls"]
[Site "Eforie Nord"]
[Date "2022.04.12"]
[Round "2"]
[White "Stan, Luciana Gabriela"]
[Black "Obada, Ema"]
[Result "0-1"]
[WhiteElo "1830"]
[BlackElo "2026"]
[PlyCount "66"]
[EventDate "2022.04.11"]
[EventType "swiss"]
[EventRounds "9"]
[EventCountry "ROU"]
[SourceTitle "EXT 2023"]
[Source "ChessBase"]
[SourceDate "2022.10.05"]
[SourceVersion "1"]
[SourceVersionDate "2022.10.05"]
[SourceQuality "1"]

1. Nf3 Nf6 2. c4 e6 3. e3 b6 4. b3 Bb7 5. Bb2 Be7 6. Be2 0-0 7. 0-0 d5 8. cxd5 exd5 9. Nc3 a6 10. d4 Bd6 11. Rc1 Nbd7 12. Qc2 Re8 13. h3 Nf8 14. Nh4 Ne6 15. Rfd1 Rc8 16. Bf3 Ng5 17. Nf5 Nxf3+ 18. gxf3 Bf8 19. Kh2 g6 20. Ng3 Qd6 21. Nce2 Bg7 22. Nf4 c5 23. Ba3 Nd7 24. dxc5 bxc5 25. Nxd5 Bxd5 26. e4 Qf4 27. Rxd5 Ne5 28. Bxc5 Nxf3+ 29. Kh1 Ng5 30. Re1 Nxh3 31. Kg2 Qg4 32. f3 Nf4+ 33. Kf2 Qh3 0-1

[Event "ROM-ch U14 Girls"]
[Site "Calimanesti Caciulata"]
[Date "2019.04.17"]
[Round "3"]
[White "Stan, Luciana Gabriela"]
[Black "Hejja, Irisz Hanna"]
[Result "1/2-1/2"]
[WhiteElo "1711"]
[BlackElo "1523"]
[PlyCount "95"]
[EventDate "2019.04.15"]
[EventType "swiss"]
[EventRounds "9"]
[EventCountry "ROU"]
[SourceTitle "CBM 190 Extra"]
[Source "ChessBase"]
[SourceDate "2019.07.15"]
[SourceVersion "1"]
[SourceVersionDate "2019.07.15"]
[SourceQuality "1"]

1. c4 f5 2. g3 e6 3. Bg2 Nf6 4. d3 d5 5. Nf3 Be7 6. Nc3 0-0 7. 0-0 b6 8. e4 c6 9. e5 Nfd7 10. h4 Na6 11. a3 Bb7 12. Re1 Nc7 13. Bg5 h6 14. Bxe7 Qxe7 15. h5 Rfd8 16. Ne2 dxc4 17. dxc4 Nxe5 18. Qc2 Nxf3+ 19. Bxf3 Qf6 20. Nf4 e5 21. Ng6 e4 22. Bg2 c5 23. Rad1 Ne6 24. Rxd8+ Rxd8 25. Qa4 a6 26. b4 Nd4 27. bxc5 bxc5 28. Rb1 Ne2+ 29. Kh2 Nc3 30. Qb3 Nxb1 31. Qxb7 Nd2 32. Ne7+ Kh7 33. Bh3 Nf3+ 34. Kg2 Nd4 35. Nxf5 Nxf5 36. Qxe4 Rf8 37. g4 Kg8 38. gxf5 Qd4 39. Qe7 Rf6 40. Qe8+ Kh7 41. Qe2 Qc3 42. a4 Qb4 43. Qc2 Qb7+ 44. Kg3 Qc7+ 45. f4 Qd7 46. Bg2 Qe8 47. Bf3 Kh8 48. Qd3 1/2-1/2

[Event "ROM-ch U14 Girls"]
[Site "Calimanesti Caciulata"]
[Date "2019.04.16"]
[Round "2"]
[White "Bira, Andrada Paraschiva"]
[Black "Stan, Luciana Gabriela"]
[Result "1/2-1/2"]
[WhiteElo "1487"]
[BlackElo "1711"]
[PlyCount "138"]
[EventDate "2019.04.15"]
[EventType "swiss"]
[EventRounds "9"]
[EventCountry "ROU"]
[SourceTitle "CBM 190 Extra"]
[Source "ChessBase"]
[SourceDate "2019.07.15"]
[SourceVersion "1"]
[SourceVersionDate "2019.07.15"]
[SourceQuality "1"]

1. Nf3 Nf6 2. g3 d5 3. Bg2 c6 4. d3 h6 5. 0-0 Bf5 6. c4 e6 7. Qb3 b6 8. cxd5 cxd5 9. Bf4 Nbd7 10. Nc3 Be7 11. Nd4 Rc8 12. Nxf5 exf5 13. Nxd5 0-0 14. Nxe7+ Qxe7 15. Qd1 Rfe8 16. Re1 Qb4 17. Rb1 Nc5 18. Qd2 Qd4 19. Be3 Qd6 20. Bf4 Qd4 21. Be3 Qd6 22. h3 Nd5 23. Bxc5 Rxc5 24. e4 Nf6 25. exf5 Rxe1+ 26. Rxe1 Rxf5 27. d4 Ra5 28. a3 Kf8 29. Qc3 g6 30. Qe3 Kg7 31. Rc1 Rb5 32. b4 a5 33. Qd3 Rf5 34. bxa5 Rxa5 35. Rc3 Ra4 36. d5 Ra5 37. Qd4 Rxa3 38. Rxa3 Qxa3 39. Qxb6 Qa1+ 40. Kh2 Qe5 41. Qc5 Nd7 42. Qc6 Qe7 43. d6 Qe6 44. Bd5 Qf5 45. Kg2 Nf6 46. Bf3 Qd3 47. Qc5 Nd7 48. Qd5 Qxd5 49. Bxd5 Kf6 50. f4 g5 51. Kf3 gxf4 52. gxf4 Nc5 53. Kg4 Nd3 54. Kf3 Nc5 55. Ke3 Nd7 56. Kd4 Kf5 57. Bxf7 Kxf4 58. Be6 Nf6 59. d7 Nxd7 60. Bxd7 Kg5 61. Ke4 Kg6 62. Kf4 Kh7 63. Kf5 Kg7 64. h4 Kf7 65. h5 Kg7 66. Be8 Kh7 67. Kf6 Kg8 68. Kg6 Kh8 69. Kxh6 Kg8 1/2-1/2

[Event "EU-ch U12 Girls 27th"]
[Site "Mamaia"]
[Date "2017.09.09"]
[Round "5"]
[White "Stan, Luciana Gabriela"]
[Black "Dubovyk, Anastasiia"]
[Result "0-1"]
[WhiteElo "1510"]
[BlackElo "1785"]
[PlyCount "54"]
[EventDate "2017.09.05"]
[EventType "swiss"]
[EventRounds "9"]
[EventCountry "ROU"]
[SourceTitle "EXT 2018"]
[Source "ChessBase"]
[SourceDate "2017.10.13"]
[SourceVersion "1"]
[SourceVersionDate "2017.10.13"]
[SourceQuality "1"]

1. d4 d5 2. c4 e6 3. Nc3 Nf6 4. Nf3 Be7 5. Bf4 0-0 6. e3 c5 7. Rc1 cxd4 8. Nxd4 a6 9. a3 Nbd7 10. Bg3 Nc5 11. cxd5 Nxd5 12. Be2 Nxc3 13. Rxc3 Ne4 14. Rc1 Qa5+ 15. Kf1 Nxg3+ 16. hxg3 e5 17. Nf3 Bf5 18. Nh4 Bxh4 19. Rxh4 Rfd8 20. Qb3 h6 21. Qxb7 Rab8 22. Qxa6 Qd2 23. Rhc4 Rxb2 24. R1c3 Qxc3 25. Rxc3 Rb1+ 26. Bd1 Rbxd1+ 27. Ke2 Bg4+ 0-1

[Event "ROM-ch U12 Girls"]
[Site "Baile Felix"]
[Date "2017.02.05"]
[Round "5"]
[White "Huszti, Diana Maria"]
[Black "Stan, Luciana Gabriela"]
[Result "0-1"]
[WhiteElo "1320"]
[BlackElo "1543"]
[PlyCount "96"]
[EventDate "2017.02.02"]
[EventType "swiss"]
[EventRounds "9"]
[EventCountry "ROU"]
[SourceTitle "CBM 176 Extra"]
[Source "ChessBase"]
[SourceDate "2017.03.02"]
[SourceVersion "1"]
[SourceVersionDate "2017.03.02"]
[SourceQuality "1"]

1. e4 c5 2. Nf3 Nf6 3. c3 Nxe4 4. Bd3 Nf6 5. Bc2 d5 6. d4 cxd4 7. cxd4 Bg4 8. Nc3 Nc6 9. Be3 e6 10. h3 Bh5 11. g4 Bg6 12. Ba4 Bd6 13. Qb3 Rb8 14. Ne5 0-0 15. Bxc6 bxc6 16. Nxc6 Rxb3 17. Nxd8 Rxb2 18. Nc6 Rc8 19. Na4 Rc2 20. Nxa7 Ra8 21. Nb5 Bb4+ 22. Nac3 Bxc3+ 23. Nxc3 Rxc3 24. a4 Ne4 25. h4 Nd6 26. h5 Be4 27. Rg1 Nc4 28. Bf4 Ra3 29. Rxa3 Nxa3 30. g5 Nc2+ 31. Kd2 Nxd4 32. Rg3 Rxa4 33. Rc3 Ra2+ 34. Kd1 Rc2 35. Rxc2 Bxc2+ 36. Kd2 Be4 37. Ke3 Nf5+ 38. Kd2 f6 39. gxf6 gxf6 40. Bc7 h6 41. f4 Ng3 42. Ke3 Nxh5 43. Bd6 Ng3 44. Kf2 Nf5 45. Bc7 h5 46. Kg1 d4 47. Kh2 d3 48. Kg1 h4 0-1